000 00258nam a2200121 i 4500
001 bg
245 0 _aInżenernyje konstrukcii.
260 _aLeningrad,
_c1968.
040 _cBPK
041 _apol
942 _cKS
008 s pl f |000 0 pol
999 _c12490
_d12490
856 _uhttp://koha.tu.koszalin.pl/cgi-bin/koha/opac-detail.pl?biblionumber=12490
_yKatalog online BPK